| 000 | 00789cab a2200241 4500 | ||
|---|---|---|---|
| 001 | X2868 | ||
| 008 | 090401t1995 xxu||||| |||| 00| 0 eng d | ||
| 035 | _a(Sirsi) u26955 | ||
| 041 | _aeng | ||
| 100 | _aHazeel, F. | ||
| 245 | _aLending to the UK property market - the banker`s view | ||
| 260 | _c1995 | ||
| 350 | _a0 | ||
| 490 |
_aCSM (Chartered Surveyor Monthly) _v5(1) September 1995, 40-41(2) |
||
| 520 | _aExamines the lending methodology of a bank, considering the issues of risk, type of loan, amortisation, fees and development finance. | ||
| 650 | _aAMORTISATION | ||
| 650 | _aBANKING | ||
| 650 | _aDEVELOPMENT FINANCE | ||
| 650 | _aLENDING | ||
| 690 | _aPROPERTY-COMMERCIAL PROPERTY-COMMERCIAL PROPERTY FINANCE AND INVESTMENT | ||
| 942 | _n0 | ||
| 948 | _c04/03/1997 | ||
| 999 |
_c18160 _d18160 |
||